| 000 | 00600nam a2200217Ia 4500 | ||
|---|---|---|---|
| 008 | 160404s9999 xx 000 0 und d | ||
| 020 | _a978-971-584-571-7 | ||
| 050 | _aFIL HF 5549.2 | ||
| 050 | _b.P5H86 2007 | ||
| 245 | _aHuman resource management : | ||
| 245 | _blocal and global perspectives / | ||
| 245 | _cedited by Melva M. Diamante, Genevieve Ledesma - Tan. | ||
| 260 | _aQuezon City: | ||
| 260 | _bC & E Pub. Inc., | ||
| 260 | _c2007 | ||
| 300 | _a448 pages : | ||
| 300 | _billustrations ; | ||
| 300 | _c26 cm. | ||
| 500 | _aIncludes index. | ||
| 650 | _aPersonnel management. | ||
| 999 |
_c293288 _d293288 |
||